000 00526nam a2200193Ia 4500
003 GCL
008 140319s9999 xx 000 0 ara d
040 _aGCL /
_cGCL
082 0 4 _a813.03
_bم ا
100 1 _aمحمد المخزنجى
245 1 0 _aالاتى /
_cمحمد المخزنجى
700 1 _aحامد نداء
300 _a88 ص
490 _aمكتبة القصة العربية
_v0
650 0 4 _aالادب العربى
650 0 4 _aالقصة العربية
650 0 4 _aالقصة
942 _2ddc
_cBK
999 _c38540
_d38540